Mezinárodní management

Gespeichert in:
Bibliographische Detailangaben
1. Verfasser: Štrach, Pavel
Format: Buch
Sprache:Tschechisch
Veröffentlicht: Praha Grada Publishing 2009
Schlagworte:
Tags: Tag hinzufügen
Keine Tags, Fügen Sie das erste Tag hinzu!

MARC

LEADER 00000nam a2200000 4500
001 0143085
005 20221025105426.7
020 |a 978-80-247-2987-9 
041 0 |a cze 
044 |a CZ 
245 1 0 |a Mezinárodní management  |c Pavel Štrach 
264 1 |a Praha  |b Grada Publishing  |c 2009 
300 |a 167 s. 
610 2 0 |a manažment medzinárodný 
610 2 0 |a manažment 
610 2 0 |a obchod medzinárodný 
610 2 0 |a stratégia obchodná 
610 2 0 |a korporácie transnacionálne 
610 2 0 |a zdroje ľudské 
610 2 0 |a kultúra 
610 2 0 |a investície priame zahraničné 
610 2 0 |a klaster 
100 1 |a Štrach, Pavel